Sports Quiz

Random Sports or NBA Quiz

Philadelphia 76ers Winning 5s Quiz Stats

Quiz not verified by Sporcle

Challenge
Share
Tweet
Embed
Score 0/15 Timer 05:00
0 Plays Today
% Correct
Julius Erving
97.9%
Moses Malone
95.9%
Wilt Chamberlain
87.7%
Maurice Cheeks
84.2%
Hal Greer
71.2%
Andrew Toney
67.1%
Dolph Schayes
60.3%
Wali Jones
50%
% Correct
Marc Iavaroni
33.6%
Chet Walker
32.2%
Lucious Jackson
26.7%
George King
9.6%
Paul Seymour
9.6%
Earl Lloyd
8.9%
Red Rocha
8.2%

You're not logged in!

Compare scores with friends on all Sporcle quizzes.
Join for Free
OR
Log In

You Might Also Like...

Show Comments

Extras

Top Quizzes Today


Score Distribution

Your Account Isn't Verified!

In order to create a playlist on Sporcle, you need to verify the email address you used during registration. Go to your Sporcle Settings to finish the process.

Report this User

Report this user for behavior that violates our Community Guidelines.

Details: